00406nam a2200169Ia 450000500170000000800410001704000190005804100120007708200130008910000140010224500420011626000230015830000170018165000120019870000160021085000100022620240531100901.0131103s9999 xx 000 0 und d aLoreto College aEnglish a570bKAP aKapur, N. aScience is funcN. Kapur & D. Kaplash aDelhibFrankc1975 a195p.b ill. aScience aKaplash, D. aLCBED